Statistics for Top 10 countries to travel to in 2013 according to Lonely Planet

Click here to take the quiz!

General Stats

  • This quiz has been taken 535 times
    (520 since last reset)
  • The average score is 4 of 10

Answer Stats

RankContinentCountry% Correct
4South AmericaEcuador
62%
8AsiaTurkey
54%
3AsiaSouth Korea
53%
7EuropeIceland
47%
9CaribbeanDominican Republic
35%
1AsiaSri Lanka
33%
5EuropeSlovakia
32%
6OceaniaSolomon Islands
28%
10AfricaMadagascar
22%
2EuropeMontenegro
21%

Score Distribution

Percentile by Number Answered

Percent of People with Each Score

Your Score History

You have not taken this quiz since the last reset